000 00378nam a22000977a 4500
100 _aमानव,शम्‍भूनाथ
_980279
245 _aकाशी का संक्षिप्‍त इतिहास
260 _aवाराणसी
_b द भारतीय विद्या प्रकाशन
_c2018
650 _aइतिहास
_980280
942 _cHIN
999 _c63689
_d63689